00528nam a2200157 a 450000100100000000500170001000800410002704000250006811000390009324500520013226000360018430000190022004900090023995201050024899900170035300003359020200930070353.0110901s1929 dr 000 0 spa d aDO-SdBNPbspacBNPHU1 aDepartamento de Agricultura95908310aFuturo del maíz en la República Dominicana. aSanto Domingo :b[s.n.],c1929. a7 p. ;c23 cm. aBNPD 001050718RVaPDbPDcCTd2011-09-01iLF1l0o p33590-10r2020-06-25w2020-06-25y1ZNo se presta c33081d33081